Problemas de Marginación Socieconómica en el Area Metropolitana de Monterrey. Septiembre de 1978 /

Đã lưu trong:
Chi tiết về thư mục
Tác giả chính: Hernández Ramos, Beatriz (autor)
Định dạng: Sách
Ngôn ngữ:Tiếng Tây Ban Nha
Được phát hành: México : Universidad Autónoma de Nuevo León, Centro de Investigaciones Económicas, 1979
Những chủ đề:
Các nhãn: Thêm thẻ
Không có thẻ, Là người đầu tiên thẻ bản ghi này!

MARC

LEADER 00000nam^a2200000^a^4500
001 000017850
005 20250521000000.0
009 20260310084155.208
037 |a Acervo ITESO - Biblioteca 
041 |a ESP 
082 |a 306. 3  |b HER 
100 |a Hernández Ramos, Beatriz  |e (autor) 
245 1 0 |a Problemas de Marginación Socieconómica en el Area Metropolitana de Monterrey. Septiembre de 1978 /  |c B. Hernández Ramos. 
264 1 |a México :  |b Universidad Autónoma de Nuevo León, Centro de Investigaciones Económicas,  |c 1979 
300 |a 230 p. 
336 |a texto  |b txt  |2 rdacontenido 
337 |a sin mediación  |b n  |2 rdamedio 
338 |a volumen  |b nc  |2 rdasoporte 
649 |a XX 
650 |a Sociología 
650 |a Monterrey, Nuevo León 
650 |a Marginación 
910 |a Fondo General 
920 |a Impresos - Libros 
930 |a Colección General 
905 |a 101 
901 |a 0178500100  |b IT1  |c ACC  |i 017850  |u 20250521 
902 |a https://opac.biblio.iteso.mx/vufind/Record/000017850